000 00349nam a2200157Ia 4500
100 _aBose/Bimal
650 _aPower electronics
942 _cBK
366 _f20
654 _apower electronics
245 _aPower electronics and motor drives
260 _bElsevier
_c2006
082 _a621.317
_bBOS
300 _a917
546 _aENGLISH
_cTTL
999 _c24322
_d24322